| 000 | 00923nam a2200241 4500 | ||
|---|---|---|---|
| 005 | 20090821144914.0 | ||
| 008 | 700514s1968 enka | 00| 1 eng | ||
| 010 | _aENG-94802 | ||
| 020 |
_c595.00 _a9789380032146 |
||
| 035 | _aEN-78335 | ||
| 037 | _bDBAD / PUB | ||
| 040 |
_adpl _bEnglish |
||
| 082 | _a658.827 | ||
| 100 | _aTai, Jacky | ||
| 245 |
_aKiller differentiators: _cby Jacky Tai [and] Wilson Chew _b13 strategies to grow your brand / |
||
| 260 |
_aNew Delhi _bWestland _c2008 |
||
| 270 |
_aF-5, Okhla Industrial Area, Phase-I, Mezzanine Floor, _bNew Delhi _e110020 |
||
| 300 |
_a343p. _c25cm (Hb) |
||
| 650 | _aBrand name products | ||
| 650 | _aBranding (marketing) | ||
| 942 |
_2ddc _cEN _mTAI _h658.827 |
||
| 999 |
_c29412 _d29412 |
||